banner koha

Em busca de experiência (Registro n. 300468)

MARC details
000 -LÍDER
fixed length control field 00921nab a2200289 4500
003 - CÓDIGO MARC DA AGÊNCIA CATALOGADORA
Campo de controle BR-BrBNA
005 - DATA E HORA DA ÚLTIMA ATUALIZAÇÃO
Campo de controle 20240814145744.0
008 - CAMPO DE TAMANHO FIXO
fixed length control field 240710b bl.||||| |||| 00| 0 por d
040 ## - FONTE DA CATALOGAÇÃO
Agência catalogadora BR-BrBNA
Idioma da catalogação por
072 ## - CATEGORIA AGRIS
Código AGRIS M12 ; E40 ; E70
Código do objeto 8105 ; 8140 ; 8134 ; 8110
100 ## - ENTRADA PRINCIPAL - NOME PESSOAL
Nome pessoal Melo, Janete
245 ## - TÍTULO PRINCIPAL
Título principal Em busca de experiência
Subtítulo Piscicultura
500 ## - NOTA GERAL
Nota geral 5 illus.
942 ## - ADDED ENTRY ELEMENTS (KOHA)
Koha item type
650 ## - ASSUNTO - THESAGRO
Cabeçalho tópico ou nome geográfico PISCICULTURA
650 ## - ASSUNTO - THESAGRO
Cabeçalho tópico ou nome geográfico PEIXE DE ÁGUA DOCE
650 ## - ASSUNTO - THESAGRO
Cabeçalho tópico ou nome geográfico TAMBAQUI
650 ## - ASSUNTO - THESAGRO
Cabeçalho tópico ou nome geográfico TILÁPIA
650 ## - ASSUNTO - THESAGRO
Cabeçalho tópico ou nome geográfico CARPA
650 ## - ASSUNTO - THESAGRO
Cabeçalho tópico ou nome geográfico PRODUÇÃO PESQUEIRA
650 ## - ASSUNTO - THESAGRO
Cabeçalho tópico ou nome geográfico TANQUE
650 ## - ASSUNTO - THESAGRO
Cabeçalho tópico ou nome geográfico CAPACITAÇÃO
650 ## - ASSUNTO - THESAGRO
Cabeçalho tópico ou nome geográfico COOPERATIVA
650 ## - ASSUNTO - THESAGRO
Cabeçalho tópico ou nome geográfico OESTE DA BAHIA
773 0# - ENTRADA ANALÍTICA
Host Biblionumber 4604
Registro do item 317192
Imprenta Palmas - Tocantins Terranova Gráfica e Editora Jornalística Ltda 2005
Outro identificador 2024-3816
Título Cerrado Rural Agronegócios (Brazil)
ISSN 1980-2595
Colação v. 4(21) p. 17-18; (Oct 2006)
Número de controle de registro BR2024001938

Nenhum exemplar disponível.

BINAGRI

Telefone: (61)3218-2567/2388/3357/2097 - binagri@agro.gov.br

Ministério da Agricultura e Pecuária , Esplanada dos Ministérios, Bloco D, Anexo B, Brasília/DF, CEP: 70.043-900